| 000 | 00583nam a22001817a 4500 | ||
|---|---|---|---|
| 005 | 20240725161604.0 | ||
| 010 | _aENG-140958 | ||
| 020 | _c695.00 | ||
| 035 | _aEN-124310 | ||
| 037 | _bDBAD | ||
| 082 | _a142.00 | ||
| 100 |
_aRALPHH. HENDERSON _968920 |
||
| 245 |
_aBetter Business English/ _cJohn M. Manly [and] John A. Powell |
||
| 260 |
_aNew Delhi _bThe Readers Paradise _c2022 |
||
| 270 |
_bNew Delhi _a103, 4787/23, Ansari Road, Daryaganj, New Delhi _e110002 _mthereadersparadisesales@gmail.com |
||
| 300 |
_a155p. _c25cm(hb) |
||
| 942 |
_2ddc _cEN _h480 _mnly |
||
| 999 |
_c204454 _d204454 |
||